Banská Štiavnica, Palárika 7 - Obnova a adaptácia objektu katolíckej fary v kontexte cirkevného areálu
Salvato in:
| Autore principale: | |
|---|---|
| Altri autori: | |
| Natura: | Manoscritto Libro |
| Lingua: | slovacco |
| Pubblicazione: |
Bratislava
2018
|
| Soggetti: | |
| Accesso online: | http://is.stuba.sk/zp/portal_zp.pl?podrobnosti=139619 |
| Tags: |
Nessun Tag, puoi essere il primo ad aggiungerne!!
|
MARC
| LEADER | 00000ntm a22000003a 4500 | ||
|---|---|---|---|
| 001 | stuzp68109 | ||
| 003 | SK-STU | ||
| 005 | 20220113102353.8 | ||
| 007 | ta | ||
| 008 | 150427s2015----xo-----f-mn---000-0-slo-d | ||
| 040 | |a STU |b slo | ||
| 041 | 0 | |a slo | |
| 100 | 1 | |a Vaňo, Michal |u 053130 |4 aut |U FAD Fakulta architektúry |T FA Ústav dejín a teórie architektúry a obnovy pamiatok |X 70353 |U A3130 |Y 394 |7 70353 | |
| 242 | 0 | 1 | |a Banská Štiavnica, Palárika 7 - Conservation and adaptation of the catholic parish in historic context of the church property |y eng |
| 245 | 1 | 0 | |a Banská Štiavnica, Palárika 7 - Obnova a adaptácia objektu katolíckej fary v kontexte cirkevného areálu |
| 260 | |c 2018 |a Bratislava | ||
| 650 | 4 | |a pamiatková obnova |2 slo | |
| 650 | 4 | |a adaptácia |2 slo | |
| 650 | 4 | |a slohová prezentácia |2 slo | |
| 650 | 4 | |a fara |2 slo | |
| 650 | 4 | |a adaptation |2 eng | |
| 650 | 4 | |a presentation of historic styles |2 eng | |
| 650 | 4 | |a rectory |2 eng | |
| 650 | 4 | |a building conservation |2 eng | |
| 700 | 1 | |a Vošková, Katarína |u 053130 |k Z2 |4 ths |U FAD Fakulta architektúry |T FA Ústav dejín a teórie architektúry a obnovy pamiatok |X 38058 |U A3130 |Y 394 |7 A000038058 | |
| 856 | 4 | |u http://is.stuba.sk/zp/portal_zp.pl?podrobnosti=139619 |u https://opac.crzp.sk/?fn=detailBiblioForm&sid=EEE57057A47611A7EA79C04E9AC3 | |